[Event "FRA-chT2"]
[Site "France"]
[Date "2002.03.23"]
[Round "10"]
[White "Bussachini, Michel"]
[Black "Duverlie, Vincent"]
[Result "0-1"]
[WhiteElo "2076"]
[BlackElo "2113"]
[PlyCount "72"]
[EventDate "2002.??.??"]
[EventType "team"]
[EventRounds "11"]
[EventCountry "FRA"]
[SourceTitle "EXT 2003"]
[Source "ChessBase"]
[SourceDate "2002.11.25"]
[SourceVersion "1"]
[SourceVersionDate "2002.11.25"]
[SourceQuality "1"]

1. e4 e6 2. d4 d5 3. Nc3 Bb4 4. Nge2 dxe4 5. a3 Be7 6. Nxe4 Nf6 7. Nxf6+ Bxf6 8. c3 b6 9. Ng3 Bb7 10. Bb5+ Nd7 11. 0-0 a6 12. Ba4 b5 13. Bc2 Nf8 14. Re1 Ng6 15. Ne4 0-0 16. Qf3 Bxe4 17. Bxe4 Rb8 18. Bxg6 hxg6 19. Bf4 Qd7 20. Rad1 Rfd8 21. Qg3 Rbc8 22. Rd2 Qc6 23. Rde2 Rd5 24. Qf3 Qd7 25. b4 c6 26. Qe4 Ra8 27. g4 a5 28. Bg3 axb4 29. axb4 Qd8 30. f4 Ra3 31. g5 Rxc3 32. gxf6 Rxd4 33. Qg2 Qxf6 34. Rc2 Rxb4 35. Rec1 Qd4+ 36. Bf2 Rxc2 0-1

[Event "FRA-chT2"]
[Site "France"]
[Date "2002.03.09"]
[Round "8"]
[White "Duverlie, Vincent"]
[Black "Bon, Michael"]
[Result "1-0"]
[WhiteElo "2113"]
[BlackElo "2136"]
[PlyCount "55"]
[EventDate "2002.??.??"]
[EventType "team"]
[EventRounds "11"]
[EventCountry "FRA"]
[SourceTitle "EXT 2003"]
[Source "ChessBase"]
[SourceDate "2002.11.25"]
[SourceVersion "1"]
[SourceVersionDate "2002.11.25"]
[SourceQuality "1"]

1. c4 e5 2. Nc3 Nf6 3. Nf3 e4 4. Ng5 b5 5. d3 exd3 6. cxb5 dxe2 7. Bxe2 Bb4 8. 0-0 0-0 9. Bf3 c6 10. Qb3 Qa5 11. Bf4 h6 12. Nge4 Nxe4 13. Bxe4 Bxc3 14. bxc3 Qb6 15. c4 d5 16. cxd5 cxb5 17. Qg3 Nd7 18. d6 Rb8 19. Bxh6 Qd4 20. Rad1 Qf6 21. Bg5 Qe6 22. Rfe1 Qxa2 23. Qh4 g6 24. Bd5 Qb2 25. Re7 Bb7 26. Rxd7 Qe2 27. Qd4 Rbe8 28. Re7 1-0

[Event "FRA-chT2"]
[Site "France"]
[Date "2002.02.03"]
[Round "7"]
[White "Duverlie, Vincent"]
[Black "Nikcevic, Nebojsa"]
[Result "0-1"]
[WhiteElo "2113"]
[BlackElo "2457"]
[PlyCount "72"]
[EventDate "2002.??.??"]
[EventType "team"]
[EventRounds "11"]
[EventCountry "FRA"]
[SourceTitle "EXT 2003"]
[Source "ChessBase"]
[SourceDate "2002.11.25"]
[SourceVersion "1"]
[SourceVersionDate "2002.11.25"]
[SourceQuality "1"]

1. c4 e5 2. Nc3 Bb4 3. g3 Bxc3 4. bxc3 d6 5. Bg2 Nc6 6. Nf3 Nge7 7. 0-0 Be6 8. d3 h6 9. Ne1 Qd7 10. Nc2 Bh3 11. e4 Bxg2 12. Kxg2 0-0 13. Be3 f5 14. f3 Nd8 15. Qe2 Ne6 16. d4 f4 17. Bc1 Ng5 18. gxf4 exf4 19. Kh1 Ng6 20. Ne1 Rf6 21. Nd3 Raf8 22. Bd2 Qh3 23. Be1 Nxe4 24. Qg2 Qxg2+ 25. Kxg2 Ng5 26. Bf2 Rf5 27. Rfe1 Nh7 28. Re2 Rg5+ 29. Kf1 Rh5 30. Kg2 Ng5 31. Rb1 b6 32. Rbe1 Rh3 33. Rd1 Rxf3 34. h4 Rxd3 35. Rxd3 f3+ 36. Kg1 Nh3+ 0-1

[Event "FRA-chT2"]
[Site "France"]
[Date "2002.01.20"]
[Round "6"]
[White "Duverlie, Vincent"]
[Black "Djalal, Boris"]
[Result "1/2-1/2"]
[WhiteElo "2107"]
[BlackElo "2104"]
[PlyCount "162"]
[EventDate "2002.??.??"]
[EventType "team"]
[EventRounds "11"]
[EventCountry "FRA"]
[SourceTitle "EXT 2003"]
[Source "ChessBase"]
[SourceDate "2002.11.25"]
[SourceVersion "1"]
[SourceVersionDate "2002.11.25"]
[SourceQuality "1"]

1. c4 Nf6 2. Nc3 c5 3. g3 d5 4. cxd5 Nxd5 5. Bg2 Nc7 6. Nf3 Nc6 7. Qa4 Bd7 8. Qe4 Ne6 9. Ne5 Nxe5 10. Qxe5 Qb8 11. Qxb8+ Rxb8 12. 0-0 g6 13. Rb1 Bg7 14. b4 cxb4 15. Rxb4 b5 16. Rb1 a5 17. Bb2 0-0 18. Nd5 Rfe8 19. Bxg7 Kxg7 20. Rfc1 Nd4 21. Rc7 Nxe2+ 22. Kf1 Bf5 23. Rb2 Nd4 24. f4 e5 25. fxe5 Rxe5 26. Ne3 Rbe8 27. Kf2 b4 28. Bf1 Rc8 29. Rxc8 Bxc8 30. Bd3 Be6 31. Nc2 Nc6 32. Ne3 Rc5 33. Bc2 Nd4 34. Be4 Rc1 35. Bd5 Kf6 36. Bxe6 Kxe6 37. d3 Rc5 38. Nc4 Kd5 39. Nb6+ Kc6 40. Nc4 Kb5 41. Ke3 Nf5+ 42. Ke4 Ka4 43. Rc2 Kb5 44. Rf2 h5 45. Rb2 Rc6 46. Ne5 Re6 47. Kf4 Ne7 48. Nc4 f6 49. Kf3 Nc6 50. Na3+ Ka4 51. Nc4 g5 52. h3 Nd4+ 53. Kf2 f5 54. Rd2 f4 55. gxf4 gxf4 56. Kf1 f3 57. Kf2 Re2+ 58. Kg3 f2 59. Kg2 Rxd2 60. Nxd2 Ka3 61. Nc4+ Kxa2 62. Nxa5 b3 63. Nxb3 Kxb3 64. Kxf2 Kc3 65. Kg3 Nf5+ 66. Kf4 Ng7 67. Ke4 Kd2 68. d4 Ke2 69. Kf4 Kf2 70. d5 Kg2 71. h4 Kh3 72. Kg5 Kg3 73. d6 Ne6+ 74. Kxh5 Kf4 75. Kg6 Ke5 76. d7 Kd6 77. d8Q+ Nxd8 78. h5 Ke7 79. h6 Nf7 80. h7 Nh8+ 81. Kg7 Ke8 1/2-1/2

[Event "FRA-chT2"]
[Site "France"]
[Date "2002.01.19"]
[Round "5"]
[White "Duverlie, Vincent"]
[Black "Montroig, Marco"]
[Result "1-0"]
[WhiteElo "2113"]
[BlackElo "2136"]
[PlyCount "73"]
[EventDate "2002.??.??"]
[EventType "team"]
[EventRounds "11"]
[EventCountry "FRA"]
[SourceTitle "EXT 2003"]
[Source "ChessBase"]
[SourceDate "2002.11.25"]
[SourceVersion "1"]
[SourceVersionDate "2002.11.25"]
[SourceQuality "1"]

1. c4 e6 2. Nf3 d5 3. d4 c5 4. cxd5 exd5 5. g3 Nc6 6. Bg2 Nf6 7. 0-0 Be7 8. Nc3 0-0 9. dxc5 Bxc5 10. Bg5 d4 11. Bxf6 Qxf6 12. Nd5 Qd8 13. Nd2 Re8 14. Nb3 Bb6 15. Re1 Bg4 16. Qd2 Rc8 17. Rac1 Ba5 18. Nxa5 Qxa5 19. b4 Qb5 20. Qg5 Ne5 21. Rxc8 Bxc8 22. a4 Qxa4 23. Nf6+ Kh8 24. Nxe8 Qxe8 25. Rd1 h6 26. Qf4 Nc6 27. Bxc6 Qxc6 28. Rxd4 Bh3 29. f3 Qa6 30. Rd8+ Kh7 31. Qe4+ g6 32. Qd4 f6 33. g4 h5 34. Qd7+ Kh6 35. Qd2+ Kh7 36. Rd7+ Kh8 37. Qh6+ 1-0

[Event "FRA-chT2S 9900"]
[Site "France"]
[Date "1999.11.21"]
[Round "3"]
[White "Mailfert, Jean Pierre"]
[Black "Duverlie, Vincent"]
[Result "1-0"]
[WhiteElo "2142"]
[BlackElo "2192"]
[PlyCount "67"]
[EventDate "1999.01.15"]
[EventType "team"]
[EventRounds "7"]
[EventCountry "FRA"]
[SourceTitle "EXT 2002"]
[Source "ChessBase"]
[SourceDate "2001.11.25"]
[SourceVersion "1"]
[SourceVersionDate "2001.11.25"]
[SourceQuality "1"]

1. Nc3 d5 2. e4 e6 3. exd5 exd5 4. d4 c6 5. Bd3 Bd6 6. Qf3 Qf6 7. Qxf6 Nxf6 8. Bg5 h6 9. Bxf6 gxf6 10. Nge2 Rg8 11. Ng3 Bg4 12. 0-0 Na6 13. Rfe1+ Kd8 14. a3 Nc7 15. Nce2 Ne6 16. f3 Bxg3 17. Nxg3 Bxf3 18. gxf3 Nxd4 19. Kf2 Rg5 20. f4 Rg4 21. Ke3 Ne6 22. f5 Nc5 23. Rad1 Kc7 24. Kf3 Rh4 25. Kg2 Kd6 26. c3 Rg8 27. b4 Nd7 28. c4 Ne5 29. cxd5 cxd5 30. Be4 Ng4 31. Rxd5+ Kc7 32. Rc1+ Kb8 33. Rd7 Rxh2+ 34. Kg1 1-0

[Event "FRA-chT2S 9899"]
[Site "France"]
[Date "1998.12.06"]
[Round "4"]
[White "Dubois, Martine"]
[Black "Duverlie, Vincent"]
[Result "0-1"]
[WhiteElo "2030"]
[BlackElo "2150"]
[PlyCount "57"]
[EventDate "1998.??.??"]
[EventType "team"]
[EventRounds "9"]
[EventCountry "FRA"]
[SourceTitle "EXT 2002"]
[Source "ChessBase"]
[SourceDate "2001.11.25"]
[SourceVersion "1"]
[SourceVersionDate "2001.11.25"]
[SourceQuality "1"]

1. e4 e6 2. d3 d5 3. Nd2 c5 4. Ngf3 Nc6 5. g3 Nf6 6. Bg2 Be7 7. 0-0 0-0 8. Re1 Qc7 9. Qe2 Re8 10. e5 Nd7 11. Nf1 b6 12. Bf4 Ba6 13. h4 Rac8 14. Ne3 Nd4 15. Qd1 Nxf3+ 16. Bxf3 Nxe5 17. Bxd5 Bd6 18. Bg2 Red8 19. Qh5 Ng6 20. Bxd6 Rxd6 21. Qe2 Bb7 22. h5 Bxg2 23. hxg6 Ba8 24. Nc4 Rd5 25. gxf7+ Qxf7 26. Qxe6 Qxe6 27. Rxe6 Rh5 28. f3 Bxf3 29. Rf1 0-1

[Event "FRA-chT2S 9798"]
[Site "France"]
[Date "1998.??.??"]
[Round "7"]
[White "Sauvadet, Herve"]
[Black "Duverlie, Vincent"]
[Result "1-0"]
[WhiteElo "2095"]
[BlackElo "2150"]
[PlyCount "59"]
[EventDate "1997.??.??"]
[EventType "team"]
[EventRounds "9"]
[EventCountry "FRA"]
[SourceTitle "EXT 2003"]
[Source "ChessBase"]
[SourceDate "2002.11.25"]
[SourceVersion "1"]
[SourceVersionDate "2002.11.25"]
[SourceQuality "1"]

1. e4 c6 2. d4 d5 3. Nc3 dxe4 4. Nxe4 Bf5 5. Ng3 Bg6 6. h4 h6 7. Nf3 Nd7 8. h5 Bh7 9. Bd3 Bxd3 10. Qxd3 Ngf6 11. Bd2 e6 12. 0-0-0 Qc7 13. Kb1 0-0-0 14. c4 Kb8 15. Bc3 Bd6 16. Ne4 c5 17. Nxd6 Qxd6 18. Qe2 Qf4 19. Rh4 Qf5+ 20. Ka1 Rhe8 21. a3 Rc8 22. Ne5 Re7 23. dxc5 Nxc5 24. Bb4 Rec7 25. Bxc5 Rxc5 26. Nxf7 R5c6 27. Nd6 Qg5 28. Nxc8 Qxh4 29. Ne7 Rb6 30. Qe5+ 1-0

[Event "FRA-chT2S 9798"]
[Site "France"]
[Date "1998.??.??"]
[Round "6"]
[White "Tavenard, Ludovic"]
[Black "Duverlie, Vincent"]
[Result "1/2-1/2"]
[WhiteElo "2150"]
[BlackElo "2150"]
[PlyCount "138"]
[EventDate "1997.??.??"]
[EventType "team"]
[EventRounds "9"]
[EventCountry "FRA"]
[SourceTitle "EXT 2003"]
[Source "ChessBase"]
[SourceDate "2002.11.25"]
[SourceVersion "1"]
[SourceVersionDate "2002.11.25"]
[SourceQuality "1"]

1. e4 c6 2. d4 d5 3. e5 Bf5 4. Nf3 e6 5. Be2 c5 6. 0-0 Nc6 7. c3 Nge7 8. a3 Bg4 9. Nbd2 cxd4 10. cxd4 Nf5 11. b4 Qb6 12. Bb2 Be7 13. h3 Bxf3 14. Nxf3 0-0 15. g4 Nh4 16. Nxh4 Bxh4 17. Bd3 f6 18. exf6 Bxf6 19. g5 Bxg5 20. Qg4 Bf6 21. Qxe6+ Kh8 22. Qxd5 g6 23. Rad1 Rad8 24. Qb5 Qxb5 25. Bxb5 Nxd4 26. Bxd4 Bxd4 27. Kg2 Bb2 28. a4 Bc3 29. Rxd8 Rxd8 30. Rb1 a6 31. Be2 Rd2 32. Kf3 Ra2 33. Rb3 Be1 34. Rb1 Ra3+ 35. Kg2 Bc3 36. Bf3 b6 37. Bd1 Ra2 38. Bb3 Rd2 39. Bc4 Bd4 40. Rf1 a5 41. bxa5 bxa5 42. Bb5 Kg7 43. Kg3 Kf6 44. Bd7 Rd3+ 45. Kg2 Kg5 46. Bb5 Rc3 47. Re1 h5 48. Re2 Kf4 49. Rd2 Bc5 50. Be8 Kf5 51. Bd7+ Kf6 52. Be8 Kg7 53. Re2 Rc4 54. Bb5 Rf4 55. Rc2 Bd4 56. f3 Bf6 57. Rc4 Rf5 58. Kf2 Rd5 59. Re4 Kh6 60. Ba6 Kg5 61. Bb5 Be5 62. Ke3 Bc3 63. Bd3 Bb2 64. Rc4 Ba3 65. h4+ Kh6 66. Rc6 Rd6 67. Rxd6 Bxd6 68. Kf2 Bf4 69. Kg2 Kg7 1/2-1/2